LEADER 00782nam0-22003011i-450- 001 990004124350403321 005 20080604151440.0 010 $a88-204-9647-X 035 $a000412435 035 $aFED01000412435 035 $a(Aleph)000412435FED01 035 $a000412435 100 $a19990604d1996----km-y0itay50------ba 101 0 $aita 105 $ay-------00-y- 200 1 $aGioco e educazione$fAnna Bondioli 210 $aMilano$cFrancoAngeli$dc1996. 215 $a447 p.$d22 cm 610 0 $aEDUCAZIONE 610 0 $aGioco 700 1$aBondioli,$bAnna$0160210 801 0$aIT$bUNINA$gRICA$2UNIMARC 901 $aBK 912 $a990004124350403321 952 $aP.1 PE 96$bBibl. 22727$fFLFBC 959 $aFLFBC 996 $aGioco e educazione$9476220 997 $aUNINA LEADER 01013nam a2200265 i 4500 001 991003846289707536 005 20030103110753.0 008 020924s1997 it ||| | ita 020 $a8881790742 035 $ab11872962-39ule_inst 035 $aPRUMB66346$9ExL 040 $aDip.to SSSC$bita 082 0 $a302 100 1 $aDi Franco, Giovanni$0145641 245 10$aTecniche e modelli di analisi multivariata dei dati :$bintroduzione all'applicazione per la ricerca sociale /$cGiovanni Di Franco 260 $aRoma :$bSeam,$c1997 490 0 $aCollana di studi sociali ;$v5 650 4$aAnalisi multivariata 650 4$aSociologia - Ricerche$xMetodi matematici 907 $a.b11872962$b28-04-17$c03-01-03 912 $a991003846289707536 945 $aLE021 DI9BISA31$g1$i2021000049699$lle021$o-$pE0.00$q-$rl$s- $t0$u3$v1$w3$x0$y.i12126858$z03-01-03 996 $aTecniche e modelli di analisi multivariata dei dati$9900937 997 $aUNISALENTO 998 $ale021$b01-01-02$cm$da $e-$fita$git $h0$i1